Museums (Record no. 7975)

000 -LEADER
fixed length control field 00354nam a22001457a 4500
003 - CONTROL NUMBER IDENTIFIER
control field OSt
005 - DATE AND TIME OF LATEST TRANSACTION
control field 20200611132905.0
008 - FIXED-LENGTH DATA ELEMENTS--GENERAL INFORMATION
fixed length control field 200611b ||||| |||| 00| 0 eng d
020 ## - INTERNATIONAL STANDARD BOOK NUMBER
International Standard Book Number 9789881566256
082 ## - DEWEY DECIMAL CLASSIFICATION NUMBER
Classification number 727.7
Item number LIX
100 ## - MAIN ENTRY--PERSONAL NAME
Personal name Li, Xiaolu; Lee, Katy
245 ## - TITLE STATEMENT
Title Museums
260 ## - PUBLICATION, DISTRIBUTION, ETC. (IMPRINT)
Place of publication, distribution, etc Hong Kong
Name of publisher, distributor, etc Design Media Publishing Ltd,
Date of publication, distribution, etc 2013
942 ## - ADDED ENTRY ELEMENTS (KOHA)
Source of classification or shelving scheme
Holdings
Withdrawn status Lost status Source of classification or shelving scheme Damaged status Koha normalized classification for sorting Not for loan Permanent location Current location Date acquired Total Checkouts Full call number Barcode Date last seen Date last borrowed Price effective from Koha item type
        727_700000000000000_LIX   BMS College of Architecture, Design and Planning BMS College of Architecture, Design and Planning 2020-06-11 4 727.7 LIX AR-UG1528 2024-10-28 2024-10-16 2020-06-11 UG Books
Copyright © 2025, The Librarian, Library and Information Centre, BMSCA D&P, Bengaluru. All Rights Reserved
web counter

Powered by Koha